| 000 | 01003nas a2200313 4500 | ||
|---|---|---|---|
| 001 | BR2014005756 | ||
| 003 | BR-BrBNA | ||
| 005 | 20231205124510.0 | ||
| 007 | ta | ||
| 008 | 230509b bl.|||p| |||| 00| 00por d | ||
| 040 |
_aBR-BrBNA _bpor _cBiblioteca Nacional de Agricultura |
||
| 041 | _a(Pt) | ||
| 072 | _aF08 | ||
| 100 | 1 | _aWinck, B.R. | |
| 100 | 1 | _aVezzani, F.M. | |
| 100 | 1 | _aDieckouw, J. | |
| 100 | 1 | _aFavaretto, N. | |
| 100 | 1 | _aMolin, R. | |
| 245 | 1 | _aCarbono e nitrogênio nas frações granulométricas da matéria orgânica do solo, em sistemas de culturas sob plantio direto | |
| 650 | _aLATOSSOLO | ||
| 650 | _aPLANTIO DIRETO | ||
| 650 | _aROTAÇÃO DE CULTURA | ||
| 650 | _aCARBONO | ||
| 650 | _aNITROGÊNIO | ||
| 773 | 0 |
_tRevista Brasileira de Ciência do Solo (Brazil) _xISSN 0100-0683 _g(May-Jun 2014), v. 38(3) p. 980-989 _wBR2014005756 |
|
| 856 | 4 | 0 | _uhttp://www.scielo.br/pdf/rbcs/v38n3/30.pdf |
| 909 |
_a202311 _bLúcia _c55 _dLúcia Elande |
||
| 942 |
_2AGRIS _n0 _cANA |
||
| 999 |
_c239385 _d239385 |
||